L'influence susciter l'engagement obtenir des resultats /

Bibliographic Details
Main Author: Scharlatt, Harold.
Corporate Author: ProQuest (Firm)
Other Authors: Smith, Roland.
Format: Electronic eBook
Language:French
English
Published: Greensboro, N.C. : Center for Creative Leadership, 2013.
Edition:2eme ed.
Series:Ideas into action guidebooks.
Subjects:
Online Access:Click to View
LEADER 01588nam a2200409 a 4500
001 EBC3007684
003 MiAaPQ
005 20200520144314.0
006 m o d |
007 cr cn|||||||||
008 130814s2013 ncu sb 000 0 fre d
020 |z 9781604911503 
020 |a 9781604911510 (electronic bk.) 
035 |a (MiAaPQ)EBC3007684 
035 |a (Au-PeEL)EBL3007684 
035 |a (CaPaEBR)ebr10739666 
035 |a (OCoLC)923618743 
040 |a MiAaPQ  |c MiAaPQ  |d MiAaPQ 
041 1 |a fre  |h eng 
050 4 |a HF5386  |b .S33 2013 
100 1 |a Scharlatt, Harold. 
245 1 2 |a L'influence  |h [electronic resource] :  |b susciter l'engagement obtenir des resultats /  |c Harold Scharlatt et Roland Smith. 
250 |a 2eme ed. 
260 |a Greensboro, N.C. :  |b Center for Creative Leadership,  |c 2013. 
300 |a 33 p. 
490 1 |a Guides "Transformer les idees en action" 
500 |a "Originally published in English as Influence: Gaining Commitment, Getting Results, Second Edition. Copyright 2011"--T.p. verso. 
504 |a Includes bibliographical references. 
533 |a Electronic reproduction. Ann Arbor, MI : ProQuest, 2015. Available via World Wide Web. Access may be limited to ProQuest affiliated libraries. 
650 0 |a Influence (Psychology) 
650 0 |a Negotiation in business. 
650 0 |a Leadership. 
655 4 |a Electronic books. 
700 1 |a Smith, Roland. 
710 2 |a ProQuest (Firm) 
830 0 |a Ideas into action guidebooks. 
856 4 0 |u https://ebookcentral.proquest.com/lib/matrademy/detail.action?docID=3007684  |z Click to View